| 000 | 00616nam a2200169 a 4500 | ||
|---|---|---|---|
| 008 | 120416s2001 ||||||||||||||||| || u | ||
| 020 | _a0750650982 | ||
| 050 | _aTA 330 Cox | ||
| 100 | _aCox, Bill | ||
| 245 | 1 | 0 | _aUnderstanding engineering mathematics |
| 260 |
_aOxford _bNewnes _c2001 |
||
| 300 | _axii, 533p. : ill. | ||
| 350 | _a0.00 | ||
| 650 | 0 | _aENGINEERING MATHEMATICS | |
| 650 | 0 | _aENGINEERING MATHEMATICS--PROBLEMS, EXERCISE, E.T.C | |
| 995 |
_D0.00 _FCBU-MAIN LIBRARY (Kitwe) _H1 _I35.00 _M1 _UAVAILABLE _WApr 24, 2006 _ZMain Library Open Access Collection |
||
| 999 |
_c60684 _d60684 |
||